[Event "Chigorin Memorial 25th"]
[Site "St Petersburg"]
[Date "2017.10.28"]
[Round "8"]
[White "Mitra, Roman"]
[Black "Salman, Pavel"]
[Result "0-1"]
[WhiteElo "2087"]
[BlackElo "2260"]
[PlyCount "114"]
[EventDate "2017.10.21"]
[EventType "swiss"]
[EventRounds "9"]
[EventCountry "RUS"]
[SourceTitle "CBM 181 Extra"]
[Source "ChessBase"]
[SourceDate "2017.12.12"]
[SourceVersion "1"]
[SourceVersionDate "2017.12.12"]
[SourceQuality "1"]

1. g3 c5 2. Bg2 Nf6 3. e4 Nc6 4. Ne2 e6 5. f4 d6 6. 0-0 Be7 7. c3 c4 8. h3 Qb6+ 9. Kh1 h5 10. Bf3 e5 11. Ng1 h4 12. g4 exf4 13. d4 cxd3 14. Qxd3 Ne5 15. Qc2 g5 16. Nd2 Bd7 17. Nb3 Rc8 18. Re1 Bb5 19. Rd1 Bc6 20. Re1 Bb5 21. Qg2 Nd3 22. Rf1 Nc5 23. Re1 Nd3 24. Rf1 Nc5 25. Re1 Nfd7 26. Nd4 Bd3 27. b3 Ne5 28. Ba3 Ncd7 29. Rac1 Qa6 30. Bb4 b5 31. Nf5 Rg8 32. Qf2 Rg6 33. Qd4 Qb6 34. Kg2 Qc7 35. Red1 a5 36. Ba3 Nc5 37. b4 Ne6 38. Qf2 a4 39. Nd4 Qb7 40. Qe1 Bc4 41. Nf5 Nd3 42. Rxd3 Bxd3 43. Rd1 Bc4 44. Rxd6 Qc7 45. Rd2 Rd8 46. Ne2 Bxe2 47. Rxd8+ Bxd8 48. Qxe2 Qxc3 49. Qxb5+ Kf8 50. Qxa4 Qd2+ 51. Kf1 Qd3+ 52. Kg2 Qd2+ 53. Kf1 Bb6 54. Qa8+ Nd8 55. b5+ Kg8 56. Be2 f3 57. Nd4 Qxd4 0-1